Science, technology and innovation (Record no. 79442)

MARC details
000 -LEADER
campo de control de longitud fija 00583nam a2200181 i 4500
001 - NÚMERO DE CONTROL
campo de control 79442
003 - IDENTIFICADOR DE NÚMERO DE CONTROL
campo de control ES-MaACL
007 - CAMPO FIJO DE DESCRIPCIÓN FÍSICA--INFORMACIÓN GENERAL
campo de control de longitud fija t|
008 - DATOS DE LONGITUD FIJA--INFORMACIÓN GENERAL
campo de control de longitud fija 041021s1984 xxk ||||1| eng d
020 ## - NÚMERO INTERNACIONAL ESTÁNDAR DEL LIBRO
Número Internacional Estándar del Libro 0-7108-0296-X
100 1# - ENTRADA PRINCIPAL--NOMBRE DE PERSONA
Nombre de persona Henwood, Felicity.
9 (RLIN) 62616
245 10 - MENCIÓN DEL TÍTULO
Título Science, technology and innovation
Resto del título : a research bibliography /
Mención de responsabilidad, etc. compiled by Felicity Henwood with Graham Thomas.
260 ## - PUBLICACIÓN, DISTRIBUCIÓN, ETC.
Lugar de publicación, distribución, etc. Brighton :
Nombre del editor, distribuidor, etc. Wheatsheaf books,
Fecha de publicación, distribución, etc. 1984.
300 ## - DESCRIPCIÓN FÍSICA
Extensión XI, 250 p. ;
Dimensiones 24 cm.
700 1# - ENTRADA AGREGADA--NOMBRE PERSONAL
Nombre de persona Graham, Thomas.
9 (RLIN) 59526
700 1# - ENTRADA AGREGADA--NOMBRE PERSONAL
Nombre de persona Henwood, Felicity.
9 (RLIN) 62616
852 ## - LOCALIZACIÓN
Ubicación ES-MaACL
Número de control de estantería L-8122
Sublocalización o colección R.108770
Holdings
Estatus retirado Estado de pérdida Estado de daño No para préstamo Biblioteca de origen Biblioteca actual Ubicación en estantería Fecha de adquisición Fuente de adquisición Total de préstamos Signatura topográfica completa Código de barras Visto por última vez Precio de reemplazo Tipo de ítem Koha
        Biblioteca del Ateneo de Madrid Biblioteca del Ateneo de Madrid Depósito 2 17/01/2008     L-8122 1083073 23/02/2023 23/02/2023 Libro impreso